Perception : an approach to personality / (Record no. 30225)
[ view plain ]
| 000 -LEADER | |
|---|---|
| fixed length control field | 01029cam a22003011 4500 |
| 001 - CONTROL NUMBER | |
| control field | 30225 |
| 003 - CONTROL NUMBER IDENTIFIER | |
| rucl marc code | BD-RjUL |
| 005 - DATE AND TIME OF LATEST TRANSACTION | |
| control field | 20211209051531.0 |
| 008 - FIXED-LENGTH DATA ELEMENTS--GENERAL INFORMATION | |
| fixed length control field | 140409s1951 n a 001 0 eng d |
| 035 ## - SYSTEM CONTROL NUMBER | |
| System control number | (BD-RjUL)30310 |
| System control number | (OCoLC)14653176 |
| 040 ## - CATALOGING SOURCE | |
| Original cataloging agency | DLC |
| Transcribing agency | DNLM |
| Modifying agency | OWibfU |
| -- | OCoLC |
| -- | BD-RjUL |
| Language of cataloging | eng |
| 041 ## - LANGUAGE CODE | |
| Language code of text/sound track or separate title | eng |
| 060 0# - NATIONAL LIBRARY OF MEDICINE CALL NUMBER | |
| Classification number | BF 311 |
| Item number | B636p 1951 |
| 082 ## - DEWEY DECIMAL CLASSIFICATION NUMBER | |
| Classification number | 152.7 |
| Author mark and year | BLP 1951 |
| 100 1# - MAIN ENTRY--PERSONAL NAME | |
| Personal name | Blake, Robert R. |
| Fuller form of name | (Robert Rogers), |
| Dates associated with a name | 1918-2004. |
| 9 (RLIN) | 91880 |
| 245 10 - TITLE STATEMENT | |
| Title | Perception : an approach to personality / |
| Statement of responsibility, etc. | by Robert R. Blake and Glenn V. Ramsey in collaboration with Frank A. Beach [and others] |
| 260 ## - PUBLICATION, DISTRIBUTION, ETC. (IMPRINT) | |
| Place of publication, distribution, etc. | New York : |
| Name of publisher, distributor, etc. | Ronald Press, |
| Date of publication, distribution, etc. | c1951. |
| 300 ## - PHYSICAL DESCRIPTION | |
| Pagination | viii, 442 p. : |
| Illustrations | ill. ; |
| Size | 19 cm. |
| 504 ## - BIBLIOGRAPHY, ETC. NOTE | |
| Bibliography, etc | Includes index. |
| 650 #0 - SUBJECT ADDED ENTRY--TOPICAL TERM | |
| Topical term or geographic name as entry element | Perception. |
| 9 (RLIN) | 91881 |
| Topical term or geographic name as entry element | Personality. |
| 9 (RLIN) | 91882 |
| 700 1# - ADDED ENTRY--PERSONAL NAME | |
| Personal name | Ramsey, Glenn V. (Glenn Virgil), |
| Dates associated with a name | 1910- |
| 711 2# - ADDED ENTRY--MEETING NAME | |
| Meeting name or jurisdiction name as entry element | Clinical Psychology Symposium |
| Date of meeting | (1949-1950 : |
| Location of meeting | University of Texas) |
| 9 (RLIN) | 91884 |
| 942 ## - ADDED ENTRY ELEMENTS (KOHA) | |
| Source of classification or shelving scheme | Dewey Decimal Classification |
| Koha item type | Books |
| Lost status | Source of classification or shelving scheme | Damaged status | Not for loan | Collection code | Permanent Location | Current Location | Shelving location | Date acquired | Source of acquisition | Cost, normal purchase price | Total Checkouts | Full call number | Date last seen | Copy number | Koha item type |
|---|---|---|---|---|---|---|---|---|---|---|---|---|---|---|---|
| Dewey Decimal Classification | Not For Loan | Non-fiction | Central Library, University of Rajshahi | Central Library, University of Rajshahi | Reading Room | 23/01/1963 | B.H.Blackwell | 0.00 | 152.7 BLP 1951 | 09/04/2014 | C-1 | Books |